| 000 | 00638nam a2200217 a 4500 | ||
|---|---|---|---|
| 005 | 20210219153531.0 | ||
| 008 | 991125n 000 0 u | ||
| 035 | _aUPN01000105185 | ||
| 100 | _aUchida, AKI | ||
| 222 | _aLANGUAGE IN SOCIETY | ||
| 245 | _aWhen "difference" is "dominance" : a critique of the "anti-power-based" cultural approach to sex differences | ||
| 300 | _a547-568 | ||
| 362 | _a21, No. 4, 1992 | ||
| 505 | _aJunio 1993 | ||
| 653 | 0 | _aCOMUNICACION HABLADA | |
| 653 | 0 | _aDIFERENCIAS SEXUALES | |
| 653 | 0 | _aINFLUENCIAS CULTURALES | |
| 653 | 0 | _aUSO DEL LENGUAJE | |
| 904 |
_aAC _b042996 |
||
| 905 | _aArticulo | ||
| 999 |
_c79313 _d79313 |
||